| 000 | 00707nam a22001817a 4500 | ||
|---|---|---|---|
| 003 | BD-DhUL | ||
| 005 | 20161030145955.0 | ||
| 008 | 161019s1986 ii ||||| |||| 00| 0 b d | ||
| 040 |
_aBD-DhUL _cBD-DhUL |
||
| 082 | 0 |
_a891.44309 _bBHB |
|
| 100 | 1 | _4ভট্টাচার্য ,অমিত্রসূদন | |
| 245 |
_aবঙ্কিমবিদ্যা / _cঅমিত্রসূদন ভট্টাচার্য |
||
| 260 |
_aকলিকাতা : _c১৯৮৬ _bদেজ পাবলিশিং, |
||
| 300 |
_a২২০ পৃ. : _bচিত্র ; _c২২ সেমি. |
||
| 650 | 0 | _2বাংলা সাহিত্য | |
| 650 | 0 | _2Bangla Literature | |
| 942 |
_2ddc _cBK |
||
| 999 |
_c117108 _d117108 |
||